La France de 1799 à 1848 : Entre tentations despotiques et aspirations libérales (notice n° 2140396)

détails MARC
000 -LEADER
fixed length control field 01574cam a2200133 4500500
005 - DATE AND TIME OF LATEST TRANSACTION
control field 20260405024650.0
041 ## - LANGUAGE CODE
Language code of text/sound track or separate title fre
042 ## - AUTHENTICATION CODE
Authentication code dc
100 10 - MAIN ENTRY--PERSONAL NAME
Personal name Delpech, David
Relator term author
245 00 - TITLE STATEMENT
Title La France de 1799 à 1848 : Entre tentations despotiques et aspirations libérales
260 ## - PUBLICATION, DISTRIBUTION, ETC.
Name of publisher, distributor, etc. Armand Colin,<br/>
Date of publication, distribution, etc. 2014.<br/>
520 ## - SUMMARY, ETC.
Summary, etc. Dix ans après le début de la Révolution de 1789, et tandis que la France est devenue une République, les Français restent en quête d’un régime stable, capable de donner une réalité aux grands acquis révolutionnaires. C’est ainsi que le pays renoue, pendant près de cinq décennies, avec des régimes de type monarchique, avant que ne revienne la République en 1848. Pourquoi la France ne parvient-elle pas alors à concilier le droit dynastique avec l’héritage révolutionnaire&amp;#8239;?Ce demi-siècle voit l’entrée de la France dans l’ère industrielle: l’essor économique qui en résulte bouleverse les structures sociales, creuse les inégalités et impose la nécessité de repenser la société. De nouvelles revendications apparaissent. En outre, le renouvellement des techniques et des savoirs s’accompagne d’une évolution des sensibilités dont témoigne le succès du Romantisme. Tout concourt à la remise en cause de l’ordre établi. La chute de la Monarchie en 1848 le démontre: la dynamique révolutionnaire était encore à l’œuvre dans la France du premier XIXe siècle.
856 41 - ELECTRONIC LOCATION AND ACCESS
Uniform Resource Identifier <a href="https://shs.cairn.info/la-france-de-1799-a-1848--9782200289911?lang=fr&redirect-ssocas=7080">https://shs.cairn.info/la-france-de-1799-a-1848--9782200289911?lang=fr&redirect-ssocas=7080</a>

Pas d'exemplaire disponible.

PLUDOC

PLUDOC est la plateforme unique et centralisée de gestion des bibliothèques physiques et numériques de Guinée administré par le CEDUST. Elle est la plus grande base de données de ressources documentaires pour les Étudiants, Enseignants chercheurs et Chercheurs de Guinée.

Adresse

627 919 101/664 919 101

25 boulevard du commerce
Kaloum, Conakry, Guinée

Réseaux sociaux

Powered by Netsen Group @ 2025